02153nam a2200277 i 4500003000900000005001700009007000300026008004100029040003000070082003100100100006000131245005300191264007900244300003900323336002700362337003300389338002800422505103400450590002601484600005701510651009701567910001501664942001401679952016501693999001701858DO-SdBNP20250407144107.0ta100211s1977 dr c 000 0 spa d aDO-SdBNPbspacBNPHUerda 4a320. 97293bT231d 19772221 aTavárez Justo, Manolo,d1931-1963eautor4aut.93502510aDiscursos políticos /cManolo Tavárez Justo. 1aSanto Domingo :bComite Permanente Pro-Homejane a Manolo Tavárez,c1983. a84 páginas :bretratos ;c20 cm. atextobtxt2rdacontent asin mediaciónbn2rdamedia avolumenbnc2rdacarrier0 aPresentación -- tDiscurso ante la Asamblea del Movimiento Revolucionario 14 de Junio. 30 de julio de 1961 -- tDiscurso en la concentración celebrada por el 14 de Junio el 19 de agosto de 1961 en el parque Duarte de la ciudad de Santiago --tDiscurso pronunciado en el acto celebrado por el 14 de Junio en el Parque Colón de la ciudad capital el 16 de septiembre de 1961 -- tTexto de salutación emitida por la voz del Trópico al regresar al país, tras presidir la misión del 14 de Junio, que propugnó por el mantenimiento de las sanciones del gobierno del Dr. Balaguer --t Discurso pronunciado por Manolo Tavárez en la gran concentración celebrada el 14 de junio de 1962 en el Parque Independencia -- t Informe inédito de Manolo Tavárez ante la Primera Asamblea Extraordinaria de la Agrupación Política 14 de Junio celebrada el 8 de diciembre de 1962 en la ciudada capital -- tDiscurso pronunciado el 14 de junio de 1963 por Manolo Tavárez en el aniversario de la gesta del 14 de junio de 1959. aInventariado, 2025/BT14aTavárez Justo Manolo,d1931-1963xDiscursos971488 4aRepública DominicanaxPolítica y gobiernoxEnsayos, conferencias, etc.y1961-1963935028 aBtavárez 2ddccLBS1 00102ddc51708PDaBNPHUbBNPHUcCTd2025-04-07eDonado por Ilonka Nacidit Perdomol0oBNPHU PD 320. 97293 T231d 1977p2025-2814r2025-04-07w2025-04-07yLBS1 c58649d58649